[Event "Koge op"]
[Site "Koge"]
[Date "2021.08.22"]
[Round "3"]
[White "Uneson, Marcus"]
[Black "Petersen, Daniel"]
[Result "1/2-1/2"]
[WhiteElo "2055"]
[BlackElo "1783"]
[PlyCount "49"]
[EventDate "2021.08.22"]
[EventType "swiss (rapid)"]
[EventRounds "7"]
[EventCountry "DEN"]
[SourceTitle "EXT 2025"]
[Source "ChessBase"]
[SourceDate "2024.10.14"]
[SourceVersion "1"]
[SourceVersionDate "2024.10.14"]
[SourceQuality "1"]

1. b3 d5 2. Bb2 c5 3. e3 Nf6 4. Nf3 Bg4 5. d4 e6 6. Nbd2 Nc6 7. Bb5 a6 8. Bxc6+ bxc6 9. h3 Bh5 10. 0-0 Bd6 11. Qe1 Bg6 12. dxc5 Bxc5 13. Ne5 Qc7 14. Ndf3 Bd6 15. c4 0-0 16. Nxg6 fxg6 17. Rc1 Ne4 18. b4 Rxf3 19. gxf3 Ng5 20. Kg2 Qf7 21. f4 Nxh3 22. Kxh3 Qf5+ 23. Kg3 Qg5+ 24. Kh3 Qh5+ 25. Kg3 1/2-1/2

[Event "Taastrup Spil Naar Vil 11"]
[Site "Taastrup"]
[Date "2016.04.28"]
[Round "4"]
[White "Uneson, Marcus"]
[Black "Nielsen, Jan Mose"]
[Result "1-0"]
[WhiteElo "2001"]
[BlackElo "2103"]
[PlyCount "67"]
[EventDate "2016.03.31"]
[EventType "swiss"]
[EventRounds "7"]
[EventCountry "DEN"]
[SourceTitle "EXT 2024"]
[Source "ChessBase"]
[SourceDate "2023.10.10"]
[SourceVersion "1"]
[SourceVersionDate "2023.10.10"]
[SourceQuality "1"]

1. d4 Nf6 2. Bg5 c5 3. d5 Qb6 4. Nc3 g6 5. d6 Qxb2 6. Bd2 Qb6 7. dxe7 Bxe7 8. e4 Qe6 9. Qe2 Nc6 10. Nf3 d6 11. Ng5 Qd7 12. g3 h6 13. Bh3 Qc7 14. Bxc8 hxg5 15. Bg4 Nd4 16. Nb5 Nxb5 17. Qxb5+ Qc6 18. Qxc6+ bxc6 19. Bf3 g4 20. Bg2 Nd7 21. Bc3 Rh5 22. f3 Bf6 23. Bxf6 Nxf6 24. fxg4 Nxg4 25. Bf3 Rxh2 26. 0-0-0 Ke7 27. Bxg4 Rg2 28. Rhg1 Rxg1 29. Rxg1 Rb8 30. c3 Rh8 31. Bf3 Ke6 32. Kd2 Rb8 33. Kc2 Rb7 34. Rb1 1-0